| 000 | 00790cam a2200217 4500 | ||
|---|---|---|---|
| 001 | WS119193 | ||
| 005 | 20251218105840.0 | ||
| 008 | 020805s2025 000 0 eng eng d | ||
| 035 | _a(Sirsi) u119193 | ||
| 110 |
_aCollege of Estate Management _9400 |
||
| 245 | _aUniversity of the Built Environment / College of Estate Management | ||
| 520 | _aWeb site for this university / college. In June 2025 changed name to University of the Built Environment. | ||
| 650 | _aACADEMIC | ||
| 650 | _aRESEARCH | ||
| 650 | _aCPD | ||
| 650 |
_aValuation _96273 |
||
| 690 | _aMANAGEMENT-BUSINESS MANAGEMENT-PROFESSIONAL PRACTICE | ||
| 856 | 4 | 0 |
_uhttps://www.cem.ac.uk _zOld URL for use with web archive |
| 856 | 4 | 0 |
_uhttps://www.ube.ac.uk/ _zUniversity of the Built Environment |
| 942 |
_n0 _2ddc |
||
| 999 |
_c120142 _d120142 |
||